Counseling : (Record no. 1342)
[ view plain ]
| 000 -LEADER | |
|---|---|
| fixed length control field | 00674nam a2200229 a 4500 |
| 001 - CONTROL NUMBER | |
| control field | 1342 |
| 003 - CONTROL NUMBER IDENTIFIER | |
| rucl marc code | BD-RjUL |
| 005 - DATE AND TIME OF LATEST TRANSACTION | |
| control field | 20211208233323.0 |
| 008 - FIXED-LENGTH DATA ELEMENTS--GENERAL INFORMATION | |
| fixed length control field | 131125s1962 - ||||| |||| 001 0 eng d |
| 035 ## - SYSTEM CONTROL NUMBER | |
| System control number | (BD-RjUL)1364 |
| 040 ## - CATALOGING SOURCE | |
| Original cataloging agency | BD-RjUL |
| Language of cataloging | eng |
| Transcribing agency | BD-RjUL |
| Modifying agency | BD-RjUL |
| 041 ## - LANGUAGE CODE | |
| Language code of text/sound track or separate title | eng |
| 082 04 - DEWEY DECIMAL CLASSIFICATION NUMBER | |
| Edition number | 22 |
| Classification number | 131.322 |
| Author mark and year | MCC 1962 |
| 100 1# - MAIN ENTRY--PERSONAL NAME | |
| Personal name | McGowan, John F. |
| 9 (RLIN) | 3977 |
| 245 1# - TITLE STATEMENT | |
| Title | Counseling : |
| Remainder of title | Reading in theory and practice / |
| Statement of responsibility, etc. | John F. McGowan and Lyle D. Schmidt. |
| 260 ## - PUBLICATION, DISTRIBUTION, ETC. (IMPRINT) | |
| Place of publication, distribution, etc. | London ; |
| -- | New York : |
| Name of publisher, distributor, etc. | Holt, |
| Date of publication, distribution, etc. | 1962. |
| 300 ## - PHYSICAL DESCRIPTION | |
| Pagination | xiii, 621 p. ; |
| Size | 24 cm. |
| 504 ## - BIBLIOGRAPHY, ETC. NOTE | |
| Bibliography, etc | Includes index. |
| 650 07 - SUBJECT ADDED ENTRY--TOPICAL TERM | |
| Source of heading or term | SLSH |
| Topical term or geographic name as entry element | Counseling |
| 9 (RLIN) | 3978 |
| 700 1# - ADDED ENTRY--PERSONAL NAME | |
| Personal name | Schmidtm, Lyle D., |
| 942 ## - ADDED ENTRY ELEMENTS (KOHA) | |
| Source of classification or shelving scheme | Dewey Decimal Classification |
| Koha item type | Books |
| Lost status | Source of classification or shelving scheme | Damaged status | Not for loan | Collection code | Permanent Location | Current Location | Shelving location | Date acquired | Source of acquisition | Cost, normal purchase price | Total Checkouts | Full call number | Date last seen | Copy number | Koha item type |
|---|---|---|---|---|---|---|---|---|---|---|---|---|---|---|---|
| Dewey Decimal Classification | Non-fiction | Central Library, University of Rajshahi | Central Library, University of Rajshahi | 20/11/1970 | Zeittinger | 94.00 | 131.322 MCC 1962 | 25/11/2013 | C-2 | Books | |||||
| Dewey Decimal Classification | Not For Loan | Non-fiction | Central Library, University of Rajshahi | Central Library, University of Rajshahi | Reading Room | 20/11/1970 | zeithinger | 94.00 | 131.322 MCC 1962 | 01/04/2014 | C-1 | Books |